000 00639nac a22001931u 4500
010 _a74016377
020 _a0879092769
082 0 0 _a621.3815
_bB4331
090 _c1826
_d1826
100 _aBell, David A.,
245 1 0 _aFundamentals of electronic devices.
260 _aReston, Va.,
_bReston Pub. Co.
_c[1975]
300 _axii, 467 p.
_billus.
_c24 cm.
500 _aDonations
500 _aDonations - Dr. Mostafa Gouda
650 0 _aSemiconductors.
942 _cBB
_k621.3815B4331
999 _c1826
_d1826